000
00215nam a22001097a 4500
999
_c
533620
_d
533620
040
_c
dlc
082
_a
823.914
100
_a
George Macdonald
_9
27575
245
_a
The Reavers
300
_a
250p
942
_2
ddc
_c
BK